Vystuplenije na zasedanii komissii CK KPSS po podgotovke novoj redakcii programmy KPSS : 25. aprelja 1984 goda /

Uložené v:
Podrobná bibliografia
Hlavný autor: Černenko, Konstantin Ustinovič, 1911-1985 (Author)
Médium: Kniha
Jazyk:Russian
Vydané: Moskva : Politizdat, 1984.
Vydanie:1. izd.
ISBN: (brož.)
Fyzický popis: 13 s.
Tagy: Pridať tag
Žiadne tagy, Buďte prvý kto otaguje tento záznam!

MARC

LEADER 00000nam a22000004a 4500
001 000411413
005 20121126202513.0
008 121126s1984 ru e 000 0 rus d
020 |a (brož.)  |c Kčs 0,70 
040 |a SVKKK  |b slo  |c SVKKK  |e AACR2 
041 0 |a rus 
044 |a ru  |c RU 
100 1 |a Černenko, Konstantin Ustinovič,  |d 1911-1985.  |4 aut 
245 1 0 |a Vystuplenije na zasedanii komissii CK KPSS po podgotovke novoj redakcii programmy KPSS :  |b 25. aprelja 1984 goda /  |c Konstantin Ustinovič Černenko. 
250 |a 1. izd. 
260 |a Moskva :  |b Politizdat,  |c 1984. 
300 |a 13 s. 
910 |a svkkk 
998 |a BK 
090 |g SCKHL  |k Sklad Hlavná 10 prízemie  |a I.56229  |j 706138  |i 2720392270  |4 Zastaraná  |s Vyradená